000
00314nam a2200133Ia 4500
008
190216s9999||||xx |||||||||||||| ||und||
100
_a
"Kochumman.C, K. M Mathew, K.J. Ummar"
245
0
_a
Pragathakalanam
250
_a
1st Ed.
260
_b
Null
_c
1974
300
_a
468
650
_a
Mathematics
942
_c
BK
999
_c
30734
_d
30734